000
00325nam a2200133Ia 4500
008
210210b1970 xxu||||| |||| 00| 0 eng d
082
_a
909 MUJW
100
_a
MUJEEB (M).
245
_a
World history our heritage.
260
_a
ND
_b
Asia Publishing House
_c
1970
300
_a
344
690
_a
World History
906
_a
031622
999
_c
82648
_d
82648